| 000 | 01310cam a2200313 a 4500 | ||
|---|---|---|---|
| 999 |
_c6885 _d6885 |
||
| 001 | 909148 | ||
| 003 | OSt | ||
| 005 | 20210830153213.0 | ||
| 008 | 820616s1978 sz b i001 0 eng | ||
| 010 | _a 81205995 | ||
| 015 | _aSw80-11835 | ||
| 020 | _a2880322022 (pbk.) | ||
| 040 |
_aDLC _cDDC _dDLC |
||
| 050 | 0 | 0 |
_aQK86.A1 _bI9 1978 |
| 082 | 0 | 0 | _a577INT 1980 |
| 245 | 0 | 4 |
_aThe IUCN plant red data book : _bcomprising red data sheets on 250 selected plants threatened on a world scale / _cInternational Union for Conservation of Nature and Natural Resources ; compiled by Gren Lucas and Hugh Synge for the Threatened Plants Committee of the Survival Service Commission of IUCN, with the help and advice of experts throughout the world. |
| 260 |
_aMorges, Switzerland : _bIUCN, _c1980 |
||
| 300 |
_a540 p. ; _c24 cm. |
||
| 504 | _aIncludes bibliographies and index. | ||
| 650 | 0 |
_aEndangered plants. _914123 |
|
| 650 | 0 |
_aRare plants. _914124 |
|
| 650 | 0 |
_aPlant conservation. _914125 |
|
| 700 | 1 |
_aLucas, Gren. _914126 |
|
| 700 | 1 |
_aSynge, Hugh. _914127 |
|
| 710 | 2 |
_aInternational Union for Conservation of Nature and Natural Resources. _bThreatened Plants Committee. _914128 |
|
| 740 | 0 | _aI.U.C.N. plant red data book. | |
| 906 |
_a7 _bcbc _corignew _d2 _encip _f19 _gy-gencatlg |
||
| 942 |
_2ddc _cO_SHELF |
||